000 00492nam a2200169Ia 4500
999 _c26356
_d26356
003 OSt
005 20201208111238.0
008 190216s9999||||xx |||||||||||||| ||und||
040 _coclc
082 _a894.812
_bVEL/N
100 _aVelayudhanpillai, P V
_97229
245 0 _aNiroopanasahyam /
_cP V Velayudhanpillai
260 _bNational Book Stall,
_aKottayam:
_c1983.
300 _a158p
650 _aMalayalam
942 _cBK
_2ddc
_h894.812
_iVEL/N
_k894.812
_mVEL/N